000 00423pab a2200157 454500
008 180718b2005 xxu||||| |||| 00| 0 eng d
100 _aSen, Indrani
245 _aThe Memsahib's "madness": The European woman's mental health in late nineteenth century India
260 _c2005
300 _ap.26-48.
362 _aMay-Jun
650 _aWomen
650 _aMental health
773 _aSocial Scientist
909 _a65830
999 _c65830
_d65830